| 000 | 00365nam a22001337a 4500 | ||
|---|---|---|---|
| 008 | 230531b xxu||||| |||| 00| 0 eng d | ||
| 020 | _a9966769064 | ||
| 082 |
_a967.6203 _bKIH |
||
| 100 | _cWanyiri Kihoro | ||
| 245 |
_aThe Price Of Freedom _bThe Story Of Political Resistance in Kenya |
||
| 260 |
_aNairobi _bMvuleAfrica _c2005 |
||
| 300 | _a234 pages | ||
| 942 |
_2ddc _cBK |
||
| 999 |
_c17 _d17 |
||